| 000 | 00957cad a22002055a 4500 | ||
|---|---|---|---|
| 001 | E149615 | ||
| 008 | 100326e20100212xxk v 000 0 eng d | ||
| 035 | _a(Sirsi) u149615 | ||
| 041 | 0 | _aeng | |
| 245 | 0 | 0 |
_aDraycott and another v Hannells Letting Limited _h[electronic resource] |
| 260 | _c2010 | ||
| 520 | _a[2010] EWHC 217 (QB), 12 February 2010. Concerns the effects of a delay between H receiving a deposit from D on a property, and them placing it in a Tenancy Deposit Protection Scheme. The delay was two and a half months, which was over the 14 day deadline. "Held": appeal allowed. | ||
| 590 | _aKA | ||
| 650 | 2 | 4 | _aDRAYCOTT AND ANOR V HANNELLS LETTING LTD |
| 650 | 2 | 4 | _aHOUSING ACT 2004 |
| 651 | 4 |
_aEngland and Wales _y1543- |
|
| 690 | _aPROPERTY-RESIDENTIAL PROPERTY-RESIDENTIAL LANDLORD AND TENANT | ||
| 856 | 4 | 0 |
_uhttps://www.bailii.org/ew/cases/EWHC/QB/2010/217.html _zView the judgement free of charge at www.bailii.org... |
| 942 | _n0 | ||
| 999 |
_c82228 _d82228 |
||